Los grandes compositores de la época romántica

Sparad:
Bibliografiska uppgifter
Huvudupphovsman: Salazar, Adolfo (Författare, medförfattare)
Materialtyp: Bok
Språk:spanska
Publicerad: Madrid Aguilar 1958
Upplaga:3a. ed
Ämnen:
Taggar: Lägg till en tagg
Inga taggar, Lägg till första taggen!

MARC

LEADER 00000cam a2200000 a 4500
001 UCN2645
003 CL-VaPUC
005 20250325085743.0
008 010531e19580000SP |||||||||||||||||spa|d
999 |c 295700  |d 295698 
040 |c Pontificia Universidad Católica de Valparaíso 
082 0 4 |a 780.9034 SAL 1958  |2 21 
100 0 |a Salazar, Adolfo  |e author  |9 458740 
245 1 4 |a Los grandes compositores de la época romántica 
250 |a 3a. ed 
260 |a Madrid  |b Aguilar  |c 1958 
300 |a 507 p 
583 |a last modification  |c 20131002 08:56:17  |k Rodrigo Vera 
600 0 |a Beethoven, Ludwig van  |d 1770​-1827  |e compositor  |9 306286 
600 0 |a Schubert, Franz Peter  |2 CL-VaPUC  |9 306681  |d 1797-1828 
600 1 7 |a Weber, Carl Maria von  |9 606620  |d 1786-1826  |e Compositor 
600 0 7 |a Mendelssohn Bartholdy, Felix,  |d 1809-1847  |9 864759 
600 0 |a Schumann, Robert,  |e 1810-1856  |d 1810-1856  |9 352841 
600 0 |a Berlioz, Hector Louis  |2 CL-VaPUC  |9 306282  |d 1803-1869 
600 0 |a Chopin, Frederic  |2 CL-VaPUC  |9 306591  |d 1810-1849 
600 1 7 |a Wagner, Richard  |9 606565  |d 1813-1883  |e Compositor  |q Wagner, Wilhelm Richard 
600 0 |a Brahms, Johannes  |9 352842  |d 1833-1897 
600 0 |a Liszt, Franz,  |d 1811-1886  |9 614058 
650 0 |a Historia de la música  |2 CL-VaPUC  |9 306741 
650 0 |a Romanticismo en la música  |9 306753 
650 0 |a Compositores europeos  |9 458280 
942 |c BK  |2 ddc 
945 |d 20010531 00:00:00  |a crobeson 
952 |0 0  |1 0  |4 0  |6 780_903400000000000_SAL_1958  |7 0  |8 A  |9 349013  |a BIBEDU  |b BIBEDU  |d 2019-11-20  |i 1184741  |o 780.9034 SAL 1958  |p 1184741  |r 2023-01-12  |w 2019-11-20  |y BK  |k MUS 
952 |0 0  |1 0  |3 erd  |4 0  |6 780_903400000000000_SAL_1958  |7 0  |8 A  |9 349014  |a BIBEDU  |b BIBEDU  |d 2019-11-20  |i 5008395  |o 780.9034 SAL 1958  |p 5008395  |r 2023-01-12  |w 2019-11-20  |y BK  |z Catalogado en:20131004  |k MUS